Quizzes
Events
Quiz Creation
Community
Videos
Private Events
Remove Ads
Sign In
Join for FREE
Feedback
Dark Mode
Quiz Categories
Sports
Geography
Music
Movies
Television
Just For Fun
Miscellaneous
History
Literature
Language
Science
Gaming
Entertainment
Religion
Holiday
For Kids
Quiz Lab
Recent
Popular Today
Quiz Kudos Today
Editor Picks
Curator Picks
Quizzes by...
Day
Popularity
Type
Ratings
Length
Year
Community
Subscriptions
Recent Discussions
Orange Saloon
Badges
Playlists
Quests
Create
Leaderboards
Showdown
Live 5
Trivia Bingo
Activity
Puzzle Library
Sporcle Events
Private Events
Virtual Trivia
Globe League
Become a Host
Pub Owners
SporcleCon
Opinionation
Our Games
Videos
Blog
Mobile Apps
Partnerships
Remove Ads and Go Orange
Feedback
Sports
Athletes
MLB
NBA
NHL
NFL
Soccer
Sports Teams
WWE
NCAA
Football
Premier League
Basketball
Baseball
Hockey
Golf
Tennis
Cricket
Rugby
Auto Racing
Olympics
World Cup
Sports
Athletes
MLB
NBA
NHL
NFL
Soccer
Sports Teams
WWE
NCAA
Football
Premier League
Basketball
Baseball
Hockey
Golf
Tennis
Cricket
Rugby
Auto Racing
Olympics
World Cup
Random Quiz
Search Sporcle
×
Quiz Lab
Quiz Lab
Sports
Football
Type in answers that appear in a list
Type in answers that appear in a list
Classic
Best Score? Go Orange.
Ohio Athletic Conference Stats
Can you name the All-Time members of the Ohio Athletic Conference?
By
RoaringElbow
4m
29 Questions
42 Plays
42 Plays
42 Plays
Comments
Comments
Give Quiz Kudos
Give Quiz Kudos
-
- Ratings
hide this ad
Replay
Link that replays current quiz
Next Quiz
Link to next quiz in quiz playlist
You Got
0%
They Got
Avg Score
52%
Avg Friend Score
Upgrade to see
Score Distribution
Jump to the score distribution portion of the page
Score
0/29
Timer
04:00
0
Plays Today
Year joined
Member School
% Correct
1910
Ohio University
92.9%
1902
Ohio State University
85.7%
1915
University of Akron
71.4%
1910
University of Cincinnati
71.4%
1932
University of Toledo
71.4%
1932
Kent State University
69%
1933
Bowling Green State University
66.7%
1932
John Carroll University
64.3%
1911
Miami University
61.9%
1914
University of Mount Union
59.5%
1916
Ohio Northern University
59.5%
1921
Otterbein University
57.1%
1915
Baldwin Wallace University
54.8%
1927
Capital university
54.8%
1921
Xavier University
52.4%
Year joined
Member School
% Correct
1907
Heidelberg University
50%
1926
Marietta College
47.6%
1907
Denison University
47.6%
1902
Oberlin College
45.2%
1907
The College of Wooster
45.2%
1922
Muskingum University
42.9%
1931
Ashland University
42.9%
2000
Wilmington College
40.5%
1920
Hiram College
40.5%
1902
Ohio Wesleyan University
40.5%
1909
Wittenberg University
40.5%
1902
Western Reserve University
21.4%
1902
Case Institute of Technology
9.5%
1902
Kenyon College
2.4%
Quiz Playlist
Details
Report
Send in Message
Add To Playlist
Classic:
Type in answers that appear in a list
Last Updated: Feb 16, 2017
Quiz Scoreboard
CHALLENGE
Sign Up to Join the Scoreboard
Show All
Scores
Hide
Comments
May contain spoilers
Recently Published
An Introduction to Baseball
by treessimontrees
Sports
5m
Movies - When Are They Set?
by FPL_Elf
Movies
5m
Popular People in 1961
by mucciniale
History
6m
More to Explore
Quiz From the Vault
Featured Blog Post
Where Did the Easter Bunny Come From?
hide this ad
You Might Also Like...
Tags
Football Quiz
NCAA Football
ohio
Ohio Athletic
Ohio Colleges
Today's Top Quizzes in Sports
Browse Sports
hide this ad
Today's Top Quizzes in Football
Browse Football
Top Contributed Quizzes in Sports
1
Les meilleurs buteurs des matchs entre le PSG et l’OM
2
2022 World Cup Stars
3
FIFA Club World Cup Champions
4
Les entraîneurs de l'OM et du PSG au 21e siècle
5
Name the Premier League winners with different clubs
6
La finale Lions - Afrique du Sud 2021
7
England Test cricketers to play under Nasser Hussain
8
5-to-1: UK Sports Teams
9
Les joueurs passés par le LOSC et le RC Lens
10
Criteria MLB: Left Handed Sluggers
Explore More
Trending Topics
Anime
Crossword
Disney
NBA
Harry Potter
Marvel
Kpop
Soccer
Pokémon
WWE
Puzzle
Song
NFL
Country
The Office
hide this ad
More By:
RoaringElbow
Quiz
Plays
Rating
Category
Featured
Created
WWE SummerSlam Main Events
115,133
4.32
Sports
Apr 9, 2010
All WWE Championship Reigns in Order
17,584
3.55
Sports
Jun 22, 2010
WWE Monday Night Raw Main Events 1999
9,068
4.41
Sports
Apr 28, 2012
2013 WWE Royal Rumble
9,026
4.30
Sports
Jan 27, 2013
2000 WWE Royal Rumble
7,532
4.18
Sports
Feb 3, 2010
Go to Creator's Profile
Score Distribution
Quiz Creator Spotlight
RoaringElbow
Follow
Send a Message
Quizzes Created
-
Created Quiz Play Count
-
More By This Creator
Popular Quizzes Today
1
Find the Countries of Europe - No Outlines Minefield
2
Find the US States - No Outlines Minefield
3
The Countries of the World
4
Popular People in 1961
5
Find the US States
6
US States
7
1-10 Letter E Words III
8
Risky Map Clicking: Biggest States A-Z
More Sports Quizzes
Premier League XIs (2012-13)
Published
Trending Quizzes
Risky Map Clicking: Least Populous States A-Z
1-10 Letter F Words
1-10 Letter G Words
One Thing in Common: United Kingdom
Risky Map Clicking: Next State Alphabetically
Recently Updated
Leaping Animals
pecheneg
Reality TV Shows (A-Z)
bhenderson79
Rickey Henderson's Hall of Fame Teammates
pecheneg
Champions League XIs: Arsenal
pecheneg
Quick Pick: Celebrities in WWE's Hall of Fame
aduchscher
A-Z Keypad Blitz II
pecheneg
Multiple Oscar Actors
pecheneg
Mystery Phrase Blitz: Oscar 'Best Actors'
pecheneg
F. Scott Fitzgerald Novels
LTH
Pick 3 Villains
ddd62291
Trending Topics
Kpop
NBA
Anime
Crossword
Harry Potter
Marvel
Disney
The Office
Pokémon
WWE
Puzzle
Country
Soccer
NFL
Song
Your Account Isn't Verified!
In order to create a playlist on Sporcle, you need to verify the email address you used during registration. Go to your
Sporcle Settings
to finish the process.
Report this User
Report this user for behavior that violates our
Community Guidelines
.
Details:
Send Report
Go to the Sporcle.com Mobile Site →
Comments